000
00220nmm a2200085Ia 4500
008
220120s9999||||xx |||||||||||||||||und||
100
_a
Da Vinci
245
0
_a
HDL ; programming fundamentals VHDL and Verilog
260
_b
2012
999
_c
138759
_d
138759